Fisiología humana: un enfoque integrado
Salvato in:
| Autori principali: | , , , , |
|---|---|
| Natura: | Libro |
| Lingua: | spagnolo |
| Pubblicazione: |
Buenos Aires
Médica Panamericana
2008
|
| Edizione: | 4a. ed |
| Soggetti: | |
| Tags: |
Aggiungi Tag
Nessun Tag, puoi essere il primo ad aggiungerne!!
|
MARC
| LEADER | 00000cam a2200000 a 4500 | ||
|---|---|---|---|
| 001 | UCF7599 | ||
| 003 | CL-VaPUC | ||
| 008 | 130627e20080200AG |||||||||||||||||spa|d | ||
| 020 | |a 9789500619820 | ||
| 082 | 0 | 4 | |a 612 |b SIL |2 21 |
| 100 | 0 | |a Silverthorn, Dee Unglaub |e author |9 569660 | |
| 700 | 0 | |a Ober, William C |e author |9 569661 | |
| 700 | 0 | |a Garrison, Claire W |e author |9 569662 | |
| 700 | 0 | |a Silverthorn, Andrew C |e author |9 569663 | |
| 700 | 0 | |a Johnson, Bruce R |e author |9 569664 | |
| 245 | 1 | 0 | |a Fisiología humana: un enfoque integrado |
| 250 | |a 4a. ed | ||
| 300 | |a 860 p | ||
| 942 | |c BK | ||
| 945 | |d 20130627 00:00:00 |a dcastane | ||
| 260 | |a Buenos Aires |b Médica Panamericana |c 2008 | ||
| 650 | 0 | |a Fisiología humana |9 269557 | |
| 650 | 0 | |a Fisiología celular |9 261425 | |
| 650 | 0 | |a Metabolismo |9 259893 | |
| 583 | |a last modification |c 20130627 13:18:00 |k Rodrigo Vera | ||
| 999 | |c 352408 |d 352406 | ||